| 000 | 01523 a2200241 4500 | ||
|---|---|---|---|
| 001 | 15480 | ||
| 005 | 20260407155450.0 | ||
| 008 | 260407a1985 arg spa d | ||
| 003 | AR-UNSa-BCEJYS | ||
| 040 |
_aAR-UNSa-BCEJYS _bspa _cAR-UNSa-BCEJYS |
||
| 080 |
_a35.077.3 _xProcedimiento administrativo (licitación pública...) |
||
| 245 | 1 | 0 |
_aLey nacional de procedimientos administrativos. Ley 19.549 _pComentado, anotada y concordada con las normas provinciales |
| 020 | _a950-508-138-3 | ||
| 264 | 1 |
_aBuenos Aires : _bAstrea _c1985 |
|
| 300 |
_a2 v. (589, 1069 p.) _c23 cm. |
||
| 505 | _aVol. I: 1. Procedimiento administrativo - 2. Competencia del órgano - 3. Requisitos esenciales del acto administrativo - 4. Impugnación judicial de actos administrativos -- Vol. II: 1. Tramitación de los expedientes. Interesados - 2. De los expedientes - 3. Escritos. Domicilio. Documentos. Requisitos - 4. Representación. Vista - 5. Las notificaciones en el procedimiento administrativo - 6. De la prueba - 7. Formas de concluir el procedimiento - 8. Procedimientos de impugnación - 9. De los actos administrativos de alcance general y los proyectos de leyes - 10. Reconstrucción de expedientes - 11. Normas procesales supletorias | ||
| 942 | _cBK | ||
| 590 | _aniveau_biblio:m niveau_hierar:0 | ||
| 100 | 1 | _aHutchinson, Tomás A. | |
| 650 | _aLey 19.549 | ||
| 856 | 4 | 1 |
_uhttps://t1.gstatic.com/images?q=tbn:ANd9GcTMZ3f1fYT_sHEzJIl58cxSBKFvkKQ6AFguFKMDsl9SwvVDBEjw _yImagen de portada _qimage/jpeg |
| 650 | _a ley 19 549 | ||
| 999 |
_c650 _d650 |
||